NFL Top 100 All-Time: Sacks - Statistics

General Stats
  • This quiz has been taken 1,173 times
    382 since last reset
  • The average score is 32 of 100
Answer Stats
# Player Sacks % Correct
T27 J.J. Watt 114.5
91%
26 T.J. Watt 115.0
91%
1 Bruce Smith 200.0
83%
2 Reggie White 198.0
83%
67 Justin Smith 87.0
82%
T38 Neil Smith 104.5
82%
T15 Lawrence Taylor 132.5
80%
7 Jason Taylor 139.5
78%
T20 Myles Garrett 125.5
78%
33 Aaron Donald 111.0
69%
T9 Von Miller 138.5
69%
T31 Chandler Jones 112.0
68%
T65 Chris Jones 87.5
68%
T48 Jacob Green 97.5
68%
3 Kevin Greene 160.0
68%
T29 Sean Jones 113.0
68%
6 Michael Strahan 141.5
67%
13 Jared Allen 136.0
58%
90 Joey Bosa 77.0
55%
T29 Khalil Mack 113.0
52%
8 Terrell Suggs 139.0
52%
T77 Lee Williams 82.5
51%
T48 Mario Williams 97.5
51%
19 Derrick Thomas 126.5
50%
57 Henry Thomas 93.5
50%
4 Julius Peppers 159.5
50%
52 Warren Sapp 96.5
49%
T9 DeMarcus Ware 138.5
48%
18 Rickey Jackson 128.0
45%
T81 Tim Harris 81.0
45%
17 Cameron Jordan 132.0
43%
71 James Harrison 84.5
42%
25 Calais Campbell 117.0
41%
T87 Chad Brown 79.0
41%
T11 John Randle 137.5
41%
T62 Bryant Young 89.5
36%
59 Clay Matthews III 91.5
35%
58 Cameron Heyward 92.0
34%
T20 Dwight Freeney 125.5
33%
T11 Richard Dent 137.5
32%
T81 Trey Hendrickson 81.0
32%
T27 Danielle Hunter 114.5
31%
5 Chris Doleman 150.5
30%
T72 Howie Long 84.0
30%
56 Jason Pierre-Paul 94.5
30%
T31 Justin Houston 112.0
30%
86 Brandon Graham 79.5
28%
T42 Charles Haley 100.5
27%
22 Robert Mathis 123.0
27%
T95 Mark Gastineau 74.0
26%
92 Geno Atkins 75.5
24%
23 Simeon Rice 122.0
24%
T42 Cameron Wake 100.5
23%
24 Clyde Simmons 121.5
22%
37 Elvis Dumervil 105.5
21%
14 John Abraham 133.5
20%
83 Andre Carter 80.5
18%
T95 Jevon Kearse 74.0
18%
T38 Kevin Carter 104.5
18%
41 Robert Quinn 102.0
17%
47 Joey Porter 98.0
16%
T15 Leslie O'Neal 132.5
16%
35 Pat Swilling 107.5
15%
T45 Carlos Dunlap 100.0
14%
T53 Ryan Kerrigan 95.5
14%
T77 Wayne Martin 82.5
14%
69 Everson Griffen 85.5
13%
T74 Leonard Marshall 83.5
13%
T62 Tamba Hali 89.5
13%
T48 Simon Fletcher 97.5
12%
55 Steve McMichael 95.0
12%
61 Trent Cole 90.5
12%
T45 Andre Tippett 100.0
11%
T48 Dexter Manley 97.5
11%
93 Bryce Paup 75.0
10%
76 Charles Mann 83.0
10%
70 Osi Umenyiora 85.0
10%
34 Greg Townsend 109.5
9%
40 Jim Jeffcoat 102.5
9%
36 Trace Armstrong 106.0
9%
T95 Cliff Avril 74.0
8%
T87 Karl Mecklenburg 79.0
8%
T65 Leonard Little 87.5
8%
T53 Robert Porcher 95.5
8%
T79 Shaun Phillips 81.5
8%
68 Willie McGinest 86.0
7%
89 Aaron Schobel 78.0
6%
T72 Greg Ellis 84.0
6%
94 Kabeer Gbaja-Biamila 74.5
6%
T98 Michael Sinclair 73.5
6%
T98 Shaun Ellis 73.5
6%
60 Trevor Pryce 91.0
6%
T74 La'Roi Glover 83.5
5%
100 Rob Burnett 73.0
5%
T84 Hugh Douglas 80.0
4%
T42 William Fuller 100.5
4%
T84 Jason Gildon 80.0
3%
T77 Patrick Kerney 82.5
3%
64 Ken Harvey 89.0
2%
91 Ray Childress 76.5
2%
No matching quizzes found
Score Distribution
Percent of People with Each Score
Percentile by Number Answered
Your Score History
You have not taken this quiz since the last reset